|
|
|
|
| LEADER |
00851nam a2200229 a 4500 |
| 001 |
42876252 |
| 008 |
100111r20001999enk 000 0 eng d |
| 020 |
|
|
|a 0192853805
|
| 040 |
|
|
|a UKM
|c UKM
|d OCL
|d OCLCQ
|d EQF
|d BD-DhAAL
|
| 082 |
0 |
4 |
|a 301
|2 21
|
| 100 |
1 |
|
|a Bruce, Steve,
|d 1954-
|
| 245 |
1 |
0 |
|a Sociology :
|b a very short introduction /
|c Steve Bruce.
|
| 260 |
|
|
|a Oxford :
|b Oxford University Press,
|c 2000.
|
| 300 |
|
|
|a 109 p. ;
|c 18 cm.
|
| 490 |
0 |
|
|a Very short introductions.
|
| 500 |
|
|
|a Originally published: 1999.
|
| 504 |
|
|
|a Includes bibliographical references and index.
|
| 541 |
1 |
|
|e 00013974
|
| 650 |
|
0 |
|a Sociology.
|
| 852 |
4 |
|
|a Ayesha Abed Library
|j General Shelf.
|
| 999 |
|
|
|c 6861
|d 6861
|
| 952 |
|
|
|0 0
|1 0
|2 ddc
|4 0
|6 301_BRU_200000000000000
|7 0
|9 7073
|a BRACUL
|b BRACUL
|c GEN
|d 2010-01-11
|l 10
|m 76
|o 301 BRU
|p 3010013974
|r 2025-12-24
|s 2025-06-17
|t 1
|w 2010-01-11
|y BK
|